01322 2200205 4500001002100000005001500021035002000036008004100056245004600097100001500143250000600158260003800164300001200202084001400214082000800228650001000236520084600246990001201092990001201104INLIS00000000000089120240604075817 a0010-0524000126240604 1 ind 1 aSetelah 7 Wanita Menamparku /cAnak S-E-N aAnak S-E-N a1 aYogyakarta :bSheila/ Andi,c2009 a214 hlm a813 ANA s a813 4aFiksi aFreddy Mercuri pernah bilang kalau usia 70 hidup akan terasa sangat membosankan. Ia tidak mau hidup pada usia itu dan umur vokalis QUEEN itu memang tidak sampai 70. Aku tidak tahu apakah ia bersyukur atau tidak yang pasti saat ini usiaku masih jauh di bawah 70. Tapi, hidupku sangat membosankan. Angka 27 macam angka keramat untuk perempuan lajang dan tinggal di desa seperti aku. Pengangguran. Tak Cantik. Tak terlalu cerdas. Relasi pun tak banyak. Satu lagi, punya sepuluh adik yang harus kupertanggungjawabkan! Apakah ada yang lebih mengenaskan dari itu? Aku pecundang domestik! Butuh banyak jalan pintas untuk punya arti. Butuh argumen, emosi, spekulasi, dan kelucuan. Harus belajar dari kesalahan-kesalahan khas wanita. Atau keajaiban layaknya pasir yang bersarang di perut kerang yang lalu menghasilkan mutiara. Atau, adakah cara lain? a0741382 a0741383